Statistics for Radioactive Elements Found in Nature

Click here to take the quiz!

General Stats

  • This quiz has been taken 62 times
  • The average score is 4 of 9

Answer Stats

Element % Correct
Uranium
96%
Radon
66%
Radium
66%
Polonium
52%
Thorium
38%
Francium
30%
Astatine
23%
Actinium
20%
Protactinium
14%

Score Distribution

Percentile by Number Answered

Percent of People with Each Score

Your Score History

You have not taken this quiz